Дело по требованиям Государственной экспедиции для ревизии счетов о 878 рублях 11 копейках, отосланных за книги в Департамент из...

Доступно только в Электронных читальных залах Найти на картеНа карте
RUSMARC
00004191nmc2a22002653x 450
001ff5cd04d-b052-4917-9c41-171086aa6f9a
00520260210173223.0
100##$a20250818l18251825k l0rusy0189 ca
1010#$arus
102##$aRU
105##$ay###
1222#$ad
2001#$aДело по требованиям Государственной экспедиции для ревизии счетов о 878 рублях 11 копейках, отосланных за книги в Департамент из Архангельской губернии
$j18 июня - 18 ноября 1825 г.
215##$a6 л.
$d36,5х26 см
251##$cДело
300##$aДело
300##$aОриг. заголовок дела: Дело по требованиям Государственной экспедиции для ревизии счетов о 878 рублях 11 копейках, отосланных в 1819 году в Департамент из Архангельской гимназии за книги. 18 июня 1825 г. - 18 ноября 1825 г
371##$aДокумент не является опубликованным и широко распространяемым
461#0$1001a74412a3-3cc5-4d21-8f0a-dfe2fbd9e72d
$12001
$aДепартамент народного просвещения Министерства народного просвещения (1803-1917)
$1251
$cФонд
$1852
$j733
462#0$1001a6622fb3-31f3-4f49-aac3-243f6793e8d6
$12001
$aДела Департамента народного просвещения за 1818-1862 годы
$1251
$cОпись
$1852
$j113
5171#$aДело по требованиям Государственной экспедиции для ревизии счетов о 878 рублях 11 копейках, отосланных в 1819 году в Департамент из Архангельской гимназии за книги. 18 июня 1825 г. - 18 ноября 1825 г
801#0$aRU
$bРГИА
$c20250818
$gRCR
801#1$aRU
$bГлавНИВЦ
$c20250818
$2rusmarc
801#2$aRU
$bПБ им. Б.Н. Ельцина
$c20260210
$gRCR
$2rusmarc
850##$aРГИА
852##$aРГИА
$eФедеральное казенное учреждение "Российский государственный исторический архив" (РГИА)
$j22
937##$hРГИА
$d12094398
$aASBIBLIO_SCAN
035##$aRusGRCC00089170
856##$uhttp://readingroom.main.prlib.ru/item.aspx?id_node=n200426124&mode=full
Формат отображения